Statistiques concernant Culture Générale - Série 1505

Cliquez ici pour prendre le quiz!

Statistiques générales

  • Ce quiz a été pris 57 fois
  • Le résultat moyen est 4 sur 10

Statistiques - réponses

Question Réponse % Correct
On dit de quelqu'un qui est un peu sourd, qu'il est "dur de la...feuille
94%
Dans sa chanson « Le Dîner », que voudrait commander Bénabar, plutôt que de sortir dîner chez ses amis ?pizzas
74%
Quel petit carnet prédaté porte un nom latin signifiant "choses qui doivent être faites" ?agenda
70%
Quel hebdomadaire satirique français paraît tous les mercredis depuis 1915 ?Le Canard Enchaîné
60%
Quel mot latin, signifiant "tout droit", emploie-t-on pour dire familièrement "ponctuellement" ou "très exactement" ?recta
19%
Quel homme politique est le représentant de la France au congrès de Vienne, en 1814 ?Talleyrand
19%
Quelle mer, située entre l'Ukraine et la Russie, communique avec la mer Noire ?mer d'Azov
17%
Comment appelle-t-on le trou prévu pour s'asseoir dans un kayak ?cockpit
13%
Quel est le nom de l'auteur de la trilogie policière suédoise : "Millénium" ?Stieg Larsson
13%
De quel couturier Kate Moss est-elle devenue l'égérie à 18 ans ?Calvin Klein
11%

Distribution des résultats

Percentile by Number Answered

% des personnes avec chaque résultat

Votre développement - résultats

Vous n’avez pas pris ce quiz